000 00272nam a2200121 a 4500
008 101025s1962|||| d
100 1 _aMarkov, Georgij
245 1 0 _aSoľ Zeme
260 _bOsveta
_aBratislava
_c1962
041 _aslo
044 _axo
_cSK
020 _c24,90
999 _c12201
_d12201